[Event "Olimpiade 2024 - Donne"]
[Site "Budapest"]
[Date "15.09.2024"]
[Round "5.17"]
[Board "4"]
[White "Canino, Ruelle"]
[Black "Sala, Giulia"]
[Result "1/2-1/2"]
[BlackTitle "WFM"]
[WhiteElo "2004"]
[BlackElo "2115"]
[WhiteTeam "Philippines"]
[BlackTeam "Italy"]
[WhiteFideId "5220416"]
[BlackFideId "2840451"]
[EventDate "2024.09.11"]

1. c4 c5 2. Nf3 Nc6 3. g3 g6 4. Bg2 Bg7 5. O-O e6 6. Nc3 Nge7 7. d3 d6 8. Bd2
O-O 9. a3 b6 10. Rb1 Bb7 11. b4 Qd7 12. e3 Rab8 13. Ne2 Rfd8 14. d4 cxd4 15.
exd4 Nf5 16. Bc3 Nce7 17. Qd3 Rbc8 18. Ba1 Ba6 19. b5 Bb7 20. Rfc1 Rc7 21. Bc3
d5 22. c5 bxc5 23. Ba5 c4 24. Qc3 Nd6 25. Bxc7 Qxc7 26. Qb4 Qb8 27. a4 Nef5 28.
a5 Ne4 29. a6 Bc8 30. Qa5 Qb6 31. Qxb6 axb6 32. Ne5 Bxe5 33. dxe5 Nc5 34. Rc2
Bd7 35. Ra2 Ra8 36. g4 Ne7 37. Nd4 Nd3 38. Re2 g5 39. Re3 Ng6 40. Nf3 h6 41.
Rxd3 cxd3 42. Bf1 Nf4 43. Ne1 Kg7 44. Nxd3 Nxd3 45. Bxd3 f6 46. exf6+ Kxf6 47.
Rc1 Ra7 48. f3 Ke5 49. Kf2 Kd6 50. Kg3 Ra8 51. f4 gxf4+ 52. Kxf4 e5+ 53. Ke3 e4
54. Be2 Ke5 55. Rc7 d4+ 56. Kd2 Be8 57. Bf1 d3 58. Re7+ Kd6 59. Rh7 Bxb5 60. a7
Kc5 61. Ke3 Bc6 62. Bg2 Rd8 63. Rc7 d2 64. Rxc6+ Kxc6 65. Bxe4+ Kc5 66. Bf3 d1=Q
67. Bxd1 Ra8 68. h4 Rxa7 69. Kf4 Rf7+ 70. Ke5 Rf1 71. Bb3 Rh1 72. h5 Rf1 73. Bc2
Rf8 74. Ke6 b5 75. Ke7 Rf4 76. Bf5 b4 77. Kf6 b3 78. Kg7 Rxf5 79. gxf5 b2 80. f6
b1=Q 81. f7 Qb2+ 82. Kg8 Qg2+ 83. Kh8 Qf3 84. Kg7 Qc3+ 85. Kg8 Qg3+ 86. Kh7 Qf4
87. Kg7 Qe5+ 88. Kh7 Qf5+ 89. Kg7 Qg5+ 90. Kh7 Qe7 91. Kg8 Qe6 92. Kg7 Qe5+ 93.
Kh7 Qf5+ 94. Kg7 Qxh5 95. f8=Q+ Kd5 96. Qa8+ Kd4 97. Qa1+ Ke4 98. Qe1+ Kf5 99.
Qf2+ Kg5 100. Qe3+ Kh4 1/2-1/2

[Event "Olimpiade 2024 - Donne"]
[Site "Budapest"]
[Date "15.09.2024"]
[Round "5.18"]
[Board "1"]
[White "Keinanen, Anastasia"]
[Black "Francisco Guecamburu, Candela Be"]
[Result "1/2-1/2"]
[WhiteTitle "WIM"]
[BlackTitle "WGM"]
[WhiteElo "2212"]
[BlackElo "2294"]
[WhiteTeam "Finland"]
[BlackTeam "Argentina"]
[WhiteFideId "34101737"]
[BlackFideId "160911"]
[EventDate "2024.09.11"]

1. e4 e5 2. Nf3 Nc6 3. Bb5 Nge7 4. Nc3 Ng6 5. d4 exd4 6. Nxd4 Bc5 7. Nf5 O-O 8.
Be3 Bxe3 9. Nxe3 d6 10. g3 Nge7 11. Bd3 Kh8 12. Qh5 Ne5 13. f4 Nxd3+ 14. cxd3 c6
15. d4 b5 16. O-O b4 17. Ne2 f5 18. e5 dxe5 19. fxe5 Ba6 20. Rad1 Qa5 21. Rf2
Bxe2 22. Qxe2 Qa4 23. a3 Qxa3 24. Re1 Qa2 25. Ref1 Qe6 26. Ng2 Nd5 27. Qh5 a5
28. g4 f4 29. Nxf4 Nxf4 30. Rxf4 Rxf4 31. Rxf4 a4 32. Qf5 Qxf5 33. gxf5 a3 34.
bxa3 bxa3 35. Rf1 Kg8 36. Kf2 a2 37. Ra1 Ra4 38. Ke3 Kf7 1/2-1/2

[Event "Olimpiade 2024 - Donne"]
[Site "Budapest"]
[Date "15.09.2024"]
[Round "5.70"]
[White "Campos, Maria Jose"]
[Black "Paasikangas, Johanna"]
[Result "1-0"]
[WhiteTitle "WIM"]
[BlackTitle "FM"]
[WhiteElo "2252"]
[BlackElo "2058"]
[WhiteTeam "Argentina"]
[BlackTeam "Finland"]
[WhiteFideId "146803"]
[BlackFideId "500879"]
[EventDate "2024.09.11"]

1. c4 e6 2. g3 d5 3. Nf3 Nf6 4. Bg2 d4 5. O-O c5 6. e3 Nc6 7. exd4 cxd4 8. d3
Bc5 9. a3 a5 10. Bg5 h6 11. Bxf6 Qxf6 12. Nbd2 Qe7 13. Re1 O-O 14. Ne4 Ba7 15.
Rc1 f5 16. Ned2 Qf6 17. c5 e5 18. b4 axb4 19. axb4 Bb8 20. b5 Ne7 21. Nc4 Ng6
22. Nfd2 Qf7 23. Nb6 Ra5 24. Nb3 Rxb5 25. Bd5 Be6 26. Bxe6 Qxe6 27. Nxd4 Qe8 28.
Nxb5 Qxb5 29. Qf3 e4 30. dxe4 f4 31. Qe2 Qe8 32. Qh5 Kh7 33. Rc3 Be5 34. Rd3 Rf7
35. Nc4 fxg3 36. hxg3 Bc7 37. Nd6 Bxd6 38. Rxd6 Ne5 39. f4 g6 40. Qxe5 1-0

[Event "Olimpiade 2024 - Donne"]
[Site "Budapest"]
[Date "15.09.2024"]
[Round "5.18"]
[Board "3"]
[White "Bederdin, Lilja"]
[Black "Borda Rodas, Anapaola S."]
[Result "0-1"]
[BlackTitle "WIM"]
[WhiteElo "2065"]
[BlackElo "2216"]
[WhiteTeam "Finland"]
[BlackTeam "Argentina"]
[WhiteFideId "510360"]
[BlackFideId "152781"]
[EventDate "2024.09.11"]

1. e4 e5 2. Nf3 Nc6 3. Bc4 Bc5 4. c3 Nf6 5. d3 d6 6. O-O a6 7. Bb3 Ba7 8. Nbd2
h6 9. Re1 Nh7 10. Nf1 Qf6 11. Ne3 Bxe3 12. fxe3 Bg4 13. Qe2 Ng5 14. Bd1 Nxf3+
15. gxf3 Bd7 16. Kh1 g5 17. f4 O-O-O 18. d4 gxf4 19. d5 Ne7 20. exf4 exf4 21.
Qf2 Ng6 22. Bh5 Kb8 23. Bxg6 Qxg6 24. Bxf4 Bg4 25. Re3 Rde8 26. Rae1 Qh5 27. Kg1
f6 28. Rg3 Rhg8 29. Ree3 Bh3 30. Rxg8 Rxg8+ 31. Bg3 Qg5 32. Kh1 h5 33. c4 Qg4
34. Re1 h4 35. Bxh4 Bg2+ 36. Kg1 Bxe4+ 37. Bg3 f5 38. Qf1 Qg5 39. Qe2 Bxd5 40.
cxd5 f4 41. Qd2 fxg3 42. Re8+ Ka7 43. Qxg5 gxh2+ 44. Kxh2 Rxg5 0-1

[Event "Olimpiade 2024 - Donne"]
[Site "Budapest"]
[Date "15.09.2024"]
[Round "5.19"]
[Board "1"]
[White "Wafa, Shrook"]
[Black "Linares Napoles, Oleiny"]
[Result "1/2-1/2"]
[WhiteTitle "WGM"]
[BlackTitle "WGM"]
[WhiteElo "2137"]
[BlackElo "2201"]
[WhiteTeam "Egypt"]
[BlackTeam "Cuba"]
[WhiteFideId "10609970"]
[BlackFideId "3504794"]
[EventDate "2024.09.11"]

1. e4 c5 2. Nf3 e6 3. g3 b6 4. Bg2 Bb7 5. Nc3 a6 6. O-O d6 7. d4 cxd4 8. Nxd4
Be7 9. Qe2 Qc7 10. Rd1 Nf6 11. Bg5 O-O 12. e5 dxe5 13. Bxb7 Qxb7 14. Qxe5 Nc6
15. Qe2 Nxd4 16. Rxd4 Rfd8 17. Rad1 Rxd4 18. Rxd4 h6 19. Bxf6 Bxf6 20. Rd3 Qc6
21. Nd1 Rc8 22. c3 b5 23. Ne3 g6 24. Qd2 h5 25. Rd6 Qb7 26. Qd3 Kg7 27. a3 Rc7
28. Qd1 Be5 29. Rd8 Bf6 30. Rd3 Qe4 31. h4 Be7 32. Rd4 Qc6 33. Nc2 Bc5 34. Rd3
Qe4 35. Nd4 Qg4 36. Qe1 Bxd4 37. Rxd4 Qf5 38. Qd2 Rc5 39. Kg2 Rd5 40. b3 Qe5 1/2-1/2

[Event "Olimpiade 2024 - Donne"]
[Site "Budapest"]
[Date "15.09.2024"]
[Round "5.19"]
[Board "2"]
[White "Arribas Robaina, Maritza"]
[Black "Wafa, Shahenda"]
[Result "1-0"]
[WhiteTitle "WGM"]
[BlackTitle "WGM"]
[WhiteElo "2143"]
[BlackElo "2102"]
[WhiteTeam "Cuba"]
[BlackTeam "Egypt"]
[WhiteFideId "3501418"]
[BlackFideId "10609962"]
[EventDate "2024.09.11"]

1. e4 c5 2. Nf3 d6 3. Bb5+ Bd7 4. Bxd7+ Nxd7 5. c4 Ngf6 6. Nc3 e6 7. O-O a6 8.
d4 cxd4 9. Qxd4 Qa5 10. Bd2 Qc5 11. Qd3 Rc8 12. Rac1 Be7 13. Nd5 Qc6 14. Nd4 Qc5
15. Bb4 Ne5 16. Qd1 Qa7 17. Nxe7 Rd8 18. Nf3 Nxf3+ 19. Qxf3 Kxe7 20. e5 Nd7 21.
Bxd6+ Ke8 22. c5 f6 23. Rfd1 Rc8 24. Qh5+ g6 25. Qh4 h5 26. exf6 Kf7 27. b4 a5
28. b5 g5 29. Qxg5 Rcg8 30. Qe3 Rc8 31. Be7 Nb8 32. Rd6 1-0

[Event "Olimpiade 2024 - Donne"]
[Site "Budapest"]
[Date "15.09.2024"]
[Round "5.19"]
[Board "3"]
[White "Romany, Joy"]
[Black "Miranda Llanes, Yerisbel"]
[Result "0-1"]
[WhiteTitle "WIM"]
[BlackTitle "WGM"]
[WhiteElo "2012"]
[BlackElo "2294"]
[WhiteTeam "Egypt"]
[BlackTeam "Cuba"]
[WhiteFideId "10656820"]
[BlackFideId "3507700"]
[EventDate "2024.09.11"]

1. d4 Nf6 2. c4 g6 3. Nc3 Bg7 4. e4 d6 5. Be2 O-O 6. Bg5 Na6 7. Qd2 e5 8. d5 Qe8
9. f3 Nh5 10. Bh6 f5 11. Bxg7 Kxg7 12. exf5 gxf5 13. Nh3 Qg6 14. O-O-O Bd7 15.
g4 fxg4 16. Rhg1 Kh8 17. Nf2 Nf4 18. Bf1 Qh6 19. Nxg4 Bxg4 20. Rxg4 Nc5 21. Kb1
a5 22. Nb5 Rf7 23. h4 Qf6 24. Be2 a4 25. Rdg1 c6 26. dxc6 bxc6 27. Nxd6 Rd7 28.
Ne4 Qf5 29. Qa5 Rad8 30. Qxc5 Nxe2 31. Re1 Nd4 32. Rg5 Qf4 33. Nd2 Nxf3 34. Nxf3
Rd1+ 35. Kc2 Qc1# 0-1

[Event "Olimpiade 2024 - Donne"]
[Site "Budapest"]
[Date "15.09.2024"]
[Round "5.20"]
[Board "1"]
[White "Theissl Pokorna, Regina"]
[Black "Wagener, Anna"]
[Result "1-0"]
[WhiteTitle "WGM"]
[BlackTitle "WGM"]
[WhiteElo "2302"]
[BlackElo "2251"]
[WhiteTeam "Austria"]
[BlackTeam "Luxembourg"]
[WhiteFideId "14902052"]
[BlackFideId "13900285"]
[EventDate "2024.09.11"]

1. e4 c5 2. c3 d5 3. exd5 Qxd5 4. d4 Nf6 5. Nf3 e6 6. Na3 Be7 7. Nb5 Na6 8. Be2
cxd4 9. Nbxd4 O-O 10. Bf4 Bd6 11. Bxd6 Qxd6 12. O-O Nc7 13. a4 Bd7 14. Nb5 Nxb5
15. axb5 Qc5 16. Qd4 Qxd4 17. Nxd4 e5 18. Nb3 b6 19. Rfd1 Be6 20. Nd2 Rfd8 21.
Nf3 Rxd1+ 22. Rxd1 Re8 23. Ra1 Re7 24. Nxe5 Bg4 25. Bxg4 Rxe5 26. Bf3 g5 27. Bc6
Re2 28. h3 Rxb2 29. Rxa7 Rc2 30. Rb7 Rxc3 31. Rxb6 g4 32. Ra6 Kg7 33. Ra4 gxh3
34. gxh3 Ng8 35. Rb4 Ne7 36. Bg2 Rc8 37. b6 Nf5 38. b7 Rb8 39. Rb6 h6 40. Ra6 1-0

[Event "Olimpiade 2024 - Donne"]
[Site "Budapest"]
[Date "15.09.2024"]
[Round "5.20"]
[Board "2"]
[White "Steil-Antoni, Fiona"]
[Black "Newrkla, Katharina"]
[Result "1/2-1/2"]
[WhiteTitle "WIM"]
[BlackTitle "WIM"]
[WhiteElo "2085"]
[BlackElo "2208"]
[WhiteTeam "Luxembourg"]
[BlackTeam "Austria"]
[WhiteFideId "4001249"]
[BlackFideId "1621629"]
[EventDate "2024.09.11"]

1. e4 c5 2. c3 Nf6 3. e5 Nd5 4. d4 cxd4 5. Qxd4 e6 6. Bd3 Nc6 7. Qe4 d6 8. Nf3
dxe5 9. Nxe5 Bd6 10. Nxc6 bxc6 11. O-O f5 12. Qe2 O-O 13. Bc2 Qc7 14. h3 Kh8 15.
Rd1 Bb7 16. c4 Nb4 17. a3 Nxc2 18. Qxc2 c5 19. Nc3 Qc6 20. f3 Rae8 21. Qa4 Qb6
22. Qb5 Qc7 23. Rxd6 Qxd6 24. Qxb7 Rb8 25. Qxa7 Ra8 26. Qb7 Rab8 27. Qa7 Ra8 28.
Qb7 Rab8 29. Qa7 Ra8 1/2-1/2

[Event "Olimpiade 2024 - Donne"]
[Site "Budapest"]
[Date "15.09.2024"]
[Round "5.20"]
[Board "3"]
[White "Exler, Veronika"]
[Black "Bakalarz, Grazyna"]
[Result "1-0"]
[WhiteTitle "WIM"]
[BlackTitle "WFM"]
[WhiteElo "2176"]
[BlackElo "1928"]
[WhiteTeam "Austria"]
[BlackTeam "Luxembourg"]
[WhiteFideId "1620550"]
[BlackFideId "4000730"]
[EventDate "2024.09.11"]

1. d4 Nf6 2. c4 e6 3. Nf3 d5 4. g3 Be7 5. Bg2 O-O 6. Qc2 Nc6 7. O-O Nb4 8. Qb3
c5 9. cxd5 Qxd5 10. Qxd5 Nfxd5 11. Na3 cxd4 12. Nxd4 e5 13. Ndc2 Nxc2 14. Nxc2
Be6 15. Ne3 Rfd8 16. Nxd5 Bxd5 17. Be3 b6 18. Rfd1 Bxg2 19. Kxg2 f6 20. a4 Kf7
21. Rxd8 Bxd8 22. Rc1 Ke6 23. f4 exf4 24. gxf4 h5 25. Kf3 g6 26. Bd4 Kd5 27. Rd1
Ke6 28. Rc1 Kd5 29. Bf2 Be7 30. e4+ Ke6 31. Rc7 Bf8 32. Rc6+ Kf7 33. Bd4 Be7 34.
Rc7 Ke6 35. Bc3 a5 36. Rc6+ 1-0

[Event "Olimpiade 2024 - Donne"]
[Site "Budapest"]
[Date "15.09.2024"]
[Round "5.20"]
[Board "4"]
[White "Lyon, Hannah Jane"]
[Black "Schloffer, Jasmin-Denise"]
[Result "0-1"]
[BlackTitle "WIM"]
[WhiteElo "1797"]
[BlackElo "2168"]
[WhiteTeam "Luxembourg"]
[BlackTeam "Austria"]
[WhiteFideId "389105000"]
[BlackFideId "1631209"]
[EventDate "2024.09.11"]

1. d4 Nf6 2. c4 e6 3. g3 d5 4. Nf3 Bb4+ 5. Bd2 Bd6 6. Bg2 O-O 7. Qc2 c6 8. O-O
Ne4 9. Rd1 Nd7 10. a3 a5 11. Nc3 f5 12. Rab1 Qe7 13. c5 Bc7 14. b4 e5 15. b5
exd4 16. Nxe4 fxe4 17. Nxd4 Qf6 18. Be1 Be5 19. e3 Bc7 20. Bc3 Ne5 21. Qa2 Kh8
22. Rf1 Qh6 23. Qd2 Bh3 24. f3 Nc4 25. Qe2 Bxg2 26. Kxg2 Nxe3+ 27. Kg1 Nxf1 28.
Rxf1 exf3 29. Qe7 Rfe8 30. Qxc7 Qe3+ 31. Kh1 Qxc3 32. Nf5 Re1 33. Kg1 Rae8 0-1

[Event "Olimpiade 2024 - Donne"]
[Site "Budapest"]
[Date "15.09.2024"]
[Round "5.21"]
[Board "1"]
[White "Mihok-Juhasz, Barbara"]
[Black "Ortiz Verdezoto, Anahi"]
[Result "1/2-1/2"]
[WhiteTitle "WIM"]
[BlackTitle "WIM"]
[WhiteElo "2193"]
[BlackElo "2229"]
[WhiteTeam "Hungary B"]
[BlackTeam "Ecuador"]
[WhiteFideId "743585"]
[BlackFideId "3614581"]
[EventDate "2024.09.11"]

1. e4 e5 2. Nc3 Nf6 3. Bc4 d6 4. f4 c6 5. d3 Be7 6. Nf3 exf4 7. Bxf4 O-O 8. Bb3
Be6 9. O-O d5 10. Qe1 Nbd7 11. d4 dxe4 12. Nxe4 Bxb3 13. axb3 Re8 14. Nxf6+ Bxf6
15. Qb4 Re4 16. Bg3 Nb6 17. c3 Re2 18. Rf2 Re7 19. Qa5 Qe8 20. h3 Nd5 21. c4 Ne3
22. Re1 b6 23. Qd2 Nf5 24. Be5 Bxe5 25. Nxe5 Nd6 26. Rfe2 f6 27. Nf3 Rxe2 28.
Rxe2 Qd7 29. Qf4 Nf5 30. g4 Ne7 31. Kf2 a5 32. Qe4 Ra7 33. Kg2 h6 34. Nh4 b5 35.
Nf3 bxc4 36. bxc4 Rb7 37. Kf2 Qd6 38. Kg2 Kf7 39. Rf2 Rb3 40. Ne5+ Kg8 41. Nf3
Qb4 42. Qe6+ Kh7 43. Qe4+ Kg8 44. Qe6+ Kh7 45. Qe4+ 1/2-1/2

[Event "Olimpiade 2024 - Donne"]
[Site "Budapest"]
[Date "15.09.2024"]
[Round "5.21"]
[Board "3"]
[White "Demeter, Dorina"]
[Black "Vasquez Ramirez, Rocio"]
[Result "1-0"]
[WhiteTitle "WIM"]
[BlackTitle "WIM"]
[WhiteElo "2199"]
[BlackElo "1981"]
[WhiteTeam "Hungary B"]
[BlackTeam "Ecuador"]
[WhiteFideId "778079"]
[BlackFideId "3600750"]
[EventDate "2024.09.11"]

1. Nf3 Nf6 2. c4 c6 3. d4 d5 4. Nc3 e6 5. e3 Nbd7 6. Qc2 Bb4 7. Bd3 Nb6 8. cxd5
exd5 9. O-O O-O 10. Bd2 c5 11. dxc5 Bxc5 12. Nb5 Qe7 13. Rac1 Nbd7 14. Nfd4 g6
15. Nb3 Bb6 16. a3 a5 17. Nc7 Ra7 18. Nd4 Ne5 19. Ndb5 Nfg4 20. h3 Qh4 21. Be2
d4 22. exd4 Bf5 23. Qd1 Nxf2 24. Rxf2 Bxh3 25. gxh3 Bxd4 26. Nxd4 Qxd4 27. Nb5 1-0

[Event "Olimpiade 2024 - Donne"]
[Site "Budapest"]
[Date "15.09.2024"]
[Round "5.21"]
[Board "4"]
[White "Guerrero Caicedo, Arlette"]
[Black "Terbe, Zsuzsanna"]
[Result "1/2-1/2"]
[BlackTitle "WIM"]
[WhiteElo "1868"]
[BlackElo "2168"]
[WhiteTeam "Ecuador"]
[BlackTeam "Hungary B"]
[WhiteFideId "3633667"]
[BlackFideId "708801"]
[EventDate "2024.09.11"]

1. d4 d5 2. Nf3 Nf6 3. g3 Bf5 4. c4 e6 5. Nc3 c6 6. Nh4 dxc4 7. Nxf5 exf5 8. a4
Bb4 9. Bg2 O-O 10. O-O Nbd7 11. Qc2 g6 12. Rd1 Nb6 13. Bg5 Be7 14. Nb1 a5 15.
Na3 Nfd5 16. Bxe7 Qxe7 17. Nxc4 Nxc4 18. Qxc4 Rfd8 19. e3 h5 20. Re1 Kg7 21. e4
fxe4 22. Rxe4 Qb4 23. b3 Rd7 24. Re2 Rad8 25. Bxd5 Rxd5 26. Qxb4 axb4 27. Rd1
Rxd4 28. Rxd4 Rxd4 29. Re7 Rd3 30. Rxb7 Rxb3 31. a5 c5 32. a6 Ra3 33. a7 b3 34.
Rxb3 Rxa7 35. Kg2 c4 36. Rc3 Rc7 37. Kf3 Kf6 38. Ke4 Kg5 39. h3 Kf6 40. Kd5 g5
41. Rf3+ Kg6 42. Rc3 Rd7+ 43. Ke4 f5+ 44. Ke3 Re7+ 45. Kd2 Rc7 46. Ke3 h4 47.
gxh4 gxh4 48. f4 Re7+ 49. Kf3 Re4 50. Ra3 Kf6 51. Ra6+ Re6 52. Ra8 Rc6 53. Ke2
c3 54. Kd1 c2+ 55. Kc1 Rc4 56. Ra6+ Ke7 57. Rh6 Rxf4 58. Kxc2 Kf7 59. Kd2 Kg7
60. Ra6 Rf3 61. Ke2 Rxh3 62. Kf2 Rg3 63. Rb6 Rg6 64. Rb4 Rg4 65. Rb6 h3 66. Rb3
Rh4 67. Kg1 h2+ 68. Kh1 Kf6 69. Ra3 Kg5 70. Ra5 Rh6 71. Ra8 Kf4 72. Ra4+ Kg5 73.
Ra8 Kg4 74. Rg8+ Kf4 75. Ra8 Rh5 76. Ra4+ Kg5 77. Ra8 Kg4 78. Ra4+ f4 79. Rb4
Rh8 80. Ra4 Rh3 81. Ra8 Rb3 82. Rg8+ Kf5 83. Kxh2 Rb2+ 84. Kg1 Ke4 85. Ra8 Re2
86. Kf1 Kf3 87. Ra3+ Re3 88. Ra8 Rb3 89. Kg1 Rb1+ 90. Kh2 Re1 91. Rb8 Kf2 92.
Rf8 f3 93. Rb8 Re3 94. Rb1 Re2 95. Ra1 Rd2 96. Rb1 Rc2 97. Ra1 Re2 98. Rb1 Re8
99. Rb2+ Ke3 100. Rb3+ Ke2 101. Rb2+ Kf1 102. Kg3 Re2 103. Rb1+ Re1 104. Rxe1+
Kxe1 105. Kxf3 1/2-1/2

[Event "Olimpiade 2024 - Donne"]
[Site "Budapest"]
[Date "15.09.2024"]
[Round "5.22"]
[Board "1"]
[White "Bulmaga, Irina"]
[Black "Sulyok, Eszter"]
[Result "1-0"]
[WhiteTitle "IM"]
[WhiteElo "2406"]
[BlackElo "2080"]
[WhiteTeam "Romania"]
[BlackTeam "Hungary C"]
[WhiteFideId "13903063"]
[BlackFideId "769762"]
[EventDate "2024.09.11"]

1. e4 e5 2. Nf3 Nc6 3. Bb5 a6 4. Ba4 Nf6 5. d3 d6 6. c3 Be7 7. O-O O-O 8. Re1
Bg4 9. Nbd2 Nd7 10. h3 Bh5 11. Nf1 b5 12. Bc2 Nb6 13. Ng3 Bg6 14. Qe2 Qc8 15. a3
Bf6 16. Be3 Rd8 17. Bb3 Na5 18. Ba2 c5 19. b4 Nb7 20. c4 Qc6 21. Nd2 bxc4 22.
dxc4 cxb4 23. axb4 a5 24. c5 dxc5 25. bxc5 Nxc5 26. Rac1 Qa4 27. Nc4 Nbd7 28.
Bxc5 Nxc5 29. Nb6 Qa3 30. Nxa8 Nd3 31. Ra1 Qc3 32. Red1 Bh4 33. Qe3 Qb2 34. Bc4 1-0

[Event "Olimpiade 2024 - Donne"]
[Site "Budapest"]
[Date "15.09.2024"]
[Round "5.22"]
[Board "2"]
[White "Toth, Lili"]
[Black "Sandu, Mihaela"]
[Result "0-1"]
[WhiteTitle "WFM"]
[BlackTitle "WGM"]
[WhiteElo "2105"]
[BlackElo "2248"]
[WhiteTeam "Hungary C"]
[BlackTeam "Romania"]
[WhiteFideId "17000084"]
[BlackFideId "1204327"]
[EventDate "2024.09.11"]

1. e4 e5 2. Nf3 Nc6 3. Bc4 Bc5 4. O-O Nf6 5. d3 d6 6. c3 a6 7. Bb3 Ba7 8. Re1 h6
9. Nbd2 Be6 10. Nf1 Qd7 11. d4 Bxb3 12. axb3 O-O 13. Ng3 exd4 14. cxd4 Bb6 15.
Bxh6 gxh6 16. Nf5 Kh7 17. Qd2 Ng8 18. Ng5+ Kh8 19. Nf3 Qd8 20. e5 dxe5 21. d5
Qf6 22. Ng3 Nd4 23. Nxe5 Nxb3 24. Qc3 Nxa1 25. Nh5 Qxf2+ 26. Kh1 Bd4 0-1

[Event "Olimpiade 2024 - Donne"]
[Site "Budapest"]
[Date "15.09.2024"]
[Round "5.22"]
[Board "3"]
[White "Voicu-Jagodzinsky, Carmen"]
[Black "Gombocz, Zsofia"]
[Result "1-0"]
[WhiteTitle "WGM"]
[BlackTitle "WFM"]
[WhiteElo "2271"]
[BlackElo "2061"]
[WhiteTeam "Romania"]
[BlackTeam "Hungary C"]
[WhiteFideId "1206729"]
[BlackFideId "763314"]
[EventDate "2024.09.11"]

1. d4 d5 2. Nf3 Nf6 3. Bf4 c5 4. e3 e6 5. Nbd2 Nc6 6. c3 Bd6 7. Bg3 a6 8. Bd3 c4
9. Bc2 Qc7 10. e4 dxe4 11. Nxe4 Nxe4 12. Bxe4 h6 13. O-O O-O 14. Bxd6 Qxd6 15.
Re1 f5 16. Bxc6 Qxc6 17. Re5 Rd8 18. Qe2 Rd5 19. Re1 Bd7 20. Re3 Qc7 21. Ne5 Bb5
22. Ng6 e5 23. Nxe5 Rd6 24. f4 Rf6 25. h4 Rc8 26. h5 Be8 27. Ng4 Rf8 28. Re7
Qxf4 29. Qe6+ Kh8 30. Nf6 Bc6 31. d5 Bb5 32. Rf1 Qg3 33. Qxf5 1-0

[Event "Olimpiade 2024 - Donne"]
[Site "Budapest"]
[Date "15.09.2024"]
[Round "5.22"]
[Board "4"]
[White "Nandin-Erdene, Davaademberel"]
[Black "Lehaci, Miruna-Daria"]
[Result "0-1"]
[BlackTitle "WIM"]
[WhiteElo "2039"]
[BlackElo "2180"]
[WhiteTeam "Hungary C"]
[BlackTeam "Romania"]
[WhiteFideId "12982016"]
[BlackFideId "1234765"]
[EventDate "2024.09.11"]

1. e4 c5 2. Nf3 Nc6 3. d4 cxd4 4. Nxd4 Nf6 5. Nc3 d6 6. f3 e5 7. Nb3 Be7 8. Be3
O-O 9. Qd2 Be6 10. Nd5 a5 11. Bb6 Qd7 12. Bb5 Bd8 13. Bxd8 Qxd8 14. Nxf6+ Qxf6
15. Bxc6 bxc6 16. Nxa5 c5 17. O-O Qd8 18. b4 Qb6 19. Kh1 cxb4 20. Nb3 Rfc8 21.
f4 exf4 22. Nd4 Qc5 23. Nxe6 fxe6 24. Qxf4 Rf8 25. Qg4 Qc4 26. Kg1 e5 27. Qd7
Qd4+ 28. Kh1 Rf6 29. Qb5 Raf8 30. Rfe1 Rf2 31. Rad1 Qc3 32. Qd5+ Kh8 33. Qd3
Qxd3 34. cxd3 Rxa2 35. Rb1 Rb8 36. Rb3 Ra3 37. Reb1 Rxb3 38. Rxb3 Kg8 39. Kg1
Kf7 40. Kf2 Ke6 41. Ke3 Kd7 42. d4 Kc6 43. Kd3 Kb5 44. dxe5 dxe5 45. Kc2 Kc4 46.
Rg3 Rb7 47. Rf3 Kd4 48. Kb3 Kxe4 49. Rh3 g6 50. Rf3 Kd4 51. Rf8 e4 52. Rd8+ Ke3
53. g4 Kf2 54. Rf8+ Ke2 55. h4 e3 56. h5 gxh5 57. gxh5 Kd2 58. Rd8+ Ke1 59. Re8
e2 60. Re6 Rf7 61. Kc2 Kf2 62. Kd2 Rd7+ 0-1

[Event "Olimpiade 2024 - Donne"]
[Site "Budapest"]
[Date "15.09.2024"]
[Round "5.23"]
[Board "1"]
[White "Tsolakidou, Stavroula"]
[Black "Corrales Jimenez, Zenia"]
[Result "1/2-1/2"]
[WhiteTitle "IM"]
[BlackTitle "WIM"]
[WhiteElo "2444"]
[BlackElo "2170"]
[WhiteTeam "Greece"]
[BlackTeam "Mexico"]
[WhiteFideId "4264312"]
[BlackFideId "3506355"]
[EventDate "2024.09.11"]

1. d4 Nf6 2. c4 g6 3. h4 c6 4. Nc3 d5 5. cxd5 cxd5 6. Bf4 Nc6 7. e3 Bg7 8. Be2
h5 9. Nf3 Bg4 10. Qb3 Na5 11. Qa4+ Bd7 12. Bb5 Nc4 13. Ne5 Nb6 14. Qb3 O-O 15.
Nxd7 Nbxd7 16. Nxd5 Nxd5 17. Qxd5 Qa5+ 18. Ke2 e5 19. dxe5 Nxe5 20. Rhd1 Rad8
21. Qb3 Rxd1 22. Rxd1 Rd8 23. Qa4 Qb6 24. Rxd8+ Qxd8 25. Qxa7 Qd5 26. a4 Nc4 27.
Bxc4 Qxc4+ 28. Kf3 Qc6+ 29. Kg3 Bxb2 30. Qb8+ Kh7 31. Qc7 Qd5 32. f3 Kg7 33. e4
Qd1 34. Be5+ Bxe5+ 35. Qxe5+ Kg8 36. Qe8+ Kg7 37. Qe5+ Kg8 38. Kh2 Qxa4 39. Qb8+
Kg7 40. Qxb7 Qd4 41. Qe7 Kg8 42. Qg5 Qd6+ 43. e5 Qd4 44. Kg3 Qc4 45. Qd8+ Kg7
46. Qf6+ Kg8 47. Qf4 Qd5 48. Qe3 Qc4 49. Qd2 Kg7 50. Qd6 Kg8 51. Qf6 Qd4 52. Qf4
Qd5 53. Kh2 Kg7 54. g4 hxg4 55. fxg4 Qa2+ 56. Kg3 Qe2 57. h5 Qe1+ 58. Kg2 Qe2+
59. Kh3 gxh5 60. Qg5+ Kf8 61. gxh5 Qf3+ 62. Kh4 Qh1+ 63. Kg4 Qg2+ 64. Kf4 Qf2+
65. Ke4 1/2-1/2

[Event "Olimpiade 2024 - Donne"]
[Site "Budapest"]
[Date "15.09.2024"]
[Round "5.23"]
[Board "2"]
[White "Miranda Rodriguez, Tania"]
[Black "Avramidou, Anastasia"]
[Result "0-1"]
[WhiteTitle "WIM"]
[BlackTitle "FM"]
[WhiteElo "2090"]
[BlackElo "2290"]
[WhiteTeam "Mexico"]
[BlackTeam "Greece"]
[WhiteFideId "3510417"]
[BlackFideId "4239873"]
[EventDate "2024.09.11"]

1. e4 c5 2. Nf3 d6 3. d4 cxd4 4. Nxd4 Nf6 5. Nc3 a6 6. Bg5 Nbd7 7. Bc4 Qb6 8.
Bb3 e6 9. O-O Be7 10. Bxe6 fxe6 11. Nxe6 Kf7 12. Nd5 Nxd5 13. exd5 Nf6 14. Re1
Bxe6 15. Rxe6 Rhf8 16. Qe2 Bd8 17. Re1 Kg8 18. c4 Ng4 19. Bf4 Bh4 20. g3 Rxf4
21. Re8+ Rxe8 22. Qxe8+ Rf8 23. Qe6+ Kh8 24. Qf5 Qxf2+ 25. Qxf2 Nxf2 26. gxh4
Nd3 27. Re2 Kg8 28. b3 Kf7 29. Re6 Rd8 30. Re3 Ne5 31. c5 Kf6 32. Rc3 dxc5 33.
Rxc5 Rd7 34. a4 Ke7 35. b4 Kd6 36. Rc3 Rc7 37. Rb3 Kxd5 38. b5 Rc1+ 39. Kg2 a5
40. b6 Rc2+ 41. Kg3 Nc6 42. Rf3 Re2 43. Rb3 Re4 44. Rb5+ Ke6 45. Rg5 Kf6 46. Rd5
Rd4 47. Rh5 h6 0-1